Comuni della Provincia di Trapani - Statistics

Statistiche generali
  • Questo quiz è stato fatto 98 volte
  • Il punteggio medio è 18 su 25
Statistiche sulle risposte
Comune % Corretto
Trapani
96%
Alcamo
89%
Erice
89%
Marsala
87%
Castellammare del Golfo
81%
Mazara del Vallo
81%
Castelvetrano
78%
Campobello di Mazara
76%
Favignana
76%
San Vito Lo Capo
76%
Santa Ninfa
70%
Valderice
70%
Calatafimi Segesta
69%
Buseto Palizzolo
67%
Gibellina
67%
Paceco
67%
Partanna
67%
Poggioreale
67%
Vita
67%
Pantelleria
65%
Salemi
65%
Custonaci
61%
Petrosino
59%
Salaparuta
59%
Misiliscemi
54%
Nessun quiz corrispondente trovato
Distribuzione punteggi
Percentuale di utenti per punteggio
Percentile per numero di risposta
I tuoi punteggi nel tempo
Non hai fatto questo quiz